|
|
|
|
| LEADER |
00000nab a2200000ua 4500 |
| 001 |
vtls010827992 |
| 003 |
SK-MaSNL |
| 005 |
20260303144808.0 |
| 008 |
230222s2011 xo |||||||||||||||||slo| |
| 035 |
|
|
|a (urnnbn)urn:nbn:sk:snk:ar-a06e65
|
| 035 |
|
|
|a urn:nbn:sk:snk-ab5toq
|
| 035 |
|
|
|a (uuid)be5db948-113f-4d82-be1a-05acb284d0a1
|
| 040 |
|
|
|a SNKBUCL
|b slo
|c SNKBUCL
|e AACR2
|
| 041 |
0 |
|
|a slo
|
| 044 |
|
|
|a xo
|c SK
|
| 100 |
1 |
|
|a Salaiová, Brigita,
|d 1960-
|4 aut
|9 199554
|
| 245 |
1 |
0 |
|a VPLYV KOĽAJNICOVEJ BOKOVNICE NA ZNÍŽENIE HLUKU
|c Brigita Salaiová, Ján Mandula
|
| 246 |
3 |
|
|a IMPACT OF RAIL SIDE BLOCK ON REDUCE NOISE LEVELS
|
| 700 |
1 |
|
|a Mandula, Ján,
|d 1958-
|4 aut
|9 192486
|
| 773 |
0 |
|
|t Pozemné komunikácie a dráhy
|g Roč. 7, č. 1 (2011), s. 11-18
|
| 954 |
|
|
|a odborná, vedecká literatúra pôvodná (slovenská)
|2 lita
|
| 958 |
|
|
|a OND
|
| 958 |
|
|
|a EUIPO
|
| 958 |
|
|
|a article5
|
| 999 |
|
|
|c 1999113
|d 2001043
|